000 00639nam a2200277Ia 4500
005 20260324133856.0
008 008 260324s9999 xx 000 0 eng d
020 _a9780429039508
037 _aEBOOK
040 _aCRL
040 _beng
040 _cCRL
041 _2eng
041 _aeng
084 _qCRL
100 _aLaurie Schneider Adams
_91159911
245 0 _aKey Monuments Of The Baroque
260 _bTaylor and Francis
260 _c2002
365 _a
365 _b230
856 _uhttp://www.taylorfrancis.com/books/9780429039508
942 _cEBOOK
999 _c1794226
_d1794226